000 00393nam a2200145Ia 4500
999 _c11720
_d11720
003 OStO
005 20200929104842.0
008 190216s9999||||xx |||||||||||||| ||und||
040 _cOCLC
100 _aJerome K Jerome
245 0 _aThree Man On The Bummel
_cKanter Jerome
260 _bNIL
_aNIL
_cNIL
300 _a118P
942 _cBK
_2ddc
_h823.8
_iJER/T
_k823.8
_mJER/T